Datum a čas kvízu
31.5
Celkem bodů
Celkový počet nahraných bodů na tomto kvízu bez doplňovacích otázek.
4.
Pořadí na kvízu
Konečné umístění týmu na tomto kvízu.
Zaznamenané odpovědi
| # | Otázka | Odpověď | Body | Výsledky |
|---|---|---|---|---|
| 1. | Opavským strážníkům se na auto... | o holuba | 1 | |
| 2. | Prezidentské volby v Bělorusku... | Litva | 1 | |
| 3. | Společnost Disney přejmenovala... | 20th Century Fox (Television) | 1 | |
| 4. | Další řetězec v České republic... | Kaufland | 0 | |
| 5. | Na mítinku Diamantové ligy v M... | Joshua Cheptegei | 0 | |
| 6. | Nedávno jsme se zabývali různý... | Hadrián | 1 | |
| 7. | Dne 24. července roku 1177 uza... | Fridrich I. Barbarossa (Rudovous) | 1 | |
| 8. | Dalším špičatým letopočtem v n... | Albrecht Dürer | 0 | |
| 9. | Dostáváme se do novověku, konk... | (von) Laudon | 1 | |
| 10. | Rok 1714 se stal jedním z důle... | Gabriel Fahrenheit | 1 |